ध्येय यात्रा : अखिल भारतीय विद्यार्थी परिषद् (Record no. 28356)

MARC details
000 -LEADER
fixed length control field 00414nam a22001337a 4500
003 - CONTROL NUMBER IDENTIFIER
control field SGT
020 ## - INTERNATIONAL STANDARD BOOK NUMBER
International Standard Book Number 9789355620514
082 ## - DEWEY DECIMAL CLASSIFICATION NUMBER
Classification number 920
Item number D22M
100 ## - MAIN ENTRY--PERSONAL NAME
Personal name मनोजकांत
245 ## - TITLE STATEMENT
Title ध्येय यात्रा : अखिल भारतीय विद्यार्थी परिषद्
260 ## - PUBLICATION, DISTRIBUTION, ETC. (IMPRINT)
Name of publisher, distributor, etc प्रभात प्रकाशन
Year of Publication 2022
300 ## - PAGE DESCRIPTION
No. of Pages 390
942 ## - ADDED ENTRY ELEMENTS (KOHA)
Source of classification or shelving scheme Dewey Decimal Classification
Koha item type Books
Holdings
Withdrawn status Lost status Source of classification or shelving scheme Damaged status Not for loan Home library Current library Shelving location Date acquired Cost, normal purchase price SGTU Total Checkouts Full call number Accession No. (Barcode) Date last seen Bill Date Koha item type
    Dewey Decimal Classification   Not For Loan SGT Chancellor's Library SGT Chancellor's Library Reference Book 23/12/2024 999.00 SGTU   920 D22M CH1291 23/12/2024 23/12/2024 Books
    Dewey Decimal Classification   Not For Loan SGT Chancellor's Library SGT Chancellor's Library Reference Book 24/01/2025 999.00 SGTU   920 D22M CH1970 24/01/2025 24/01/2025 Books